[Event "Solingen-ch 2023"]
[Site "Solingen"]
[Date "2023.09.15"]
[Round "2.16"]
[White "Pernizki, Max"]
[Black "Shivkumar, Siddharth"]
[Result "0-1"]
[WhiteElo "1466"]
[BlackElo "1729"]
[PlyCount "68"]
[EventDate "2023.??.??"]
[WhiteTeam "SG Solingen"]
[BlackTeam "SG Solingen"]

1. d4 d5 2. c4 c6 3. Nc3 Nf6 4. Nf3 e6 5. Bg5 Nbd7 6. e3 Be7 7. Bd3 dxc4 8. Bxc4 b5 9. Bd3 a6 10. a3 c5 11. dxc5 Nxc5 12. Be2 Bb7 13. O-O O-O 14. Nd4 Nd5 15. Bxe7 Qxe7 16. Nxd5 Bxd5 17. Rc1 Rfd8 18. Bf3 Na4 19. b4 Nb2 20. Qe2 Nc4 21. Bxd5 Rxd5 22. Rc3 Qd7 23. Qg4 Rd8 24. g3 h6 25. Rfc1 Qb7 26. Qf3 Qd7 27. Nb3 e5 28. Nc5 Qh3 29. Nxa6 e4 30. Qe2 Ne5 31. f4 Rd2 32. R3c2 Nf3+ 33. Kf2 Qxh2+ 34. Kf1 Qg1# 0-1

[Event "Solingen-ch 2023"]
[Site "Solingen"]
[Date "2023.09.15"]
[Round "2.17"]
[White "Scheidtmann, Kian"]
[Black "Wawi, Bilal Alexander"]
[Result "1-0"]
[WhiteElo "1691"]
[BlackElo "1428"]
[PlyCount "95"]
[EventDate "2023.??.??"]
[WhiteTeam "SG Solingen"]
[BlackTeam "SG Solingen"]

1. e4 c6 2. d4 d5 3. e5 c5 4. dxc5 Qa5+ 5. Nc3 e6 6. Bd2 Qxc5 7. Nf3 Bd7 8. a3 g6 9. Be3 Qc8 10. Be2 Ne7 11. O-O Bg7 12. Nb5 Bxb5 13. Bxb5+ Nbc6 14. Qd2 O-O 15. Bh6 Qc7 16. Rae1 Rac8 17. Bxg7 Kxg7 18. c3 a6 19. Bd3 Rfd8 20. Qf4 Ng8 21. h4 h5 22. Kh1 Rf8 23. Ng5 Qe7 24. Qg3 Na5 25. f4 Nc4 26. f5 exf5 27. Bxf5 Rc6 28. e6 Qd6 29. Qxd6 Nxd6 30. e7 Nxe7 31. Bd7 Nef5 32. Bxc6 Ng3+ 33. Kg1 Nxf1 34. Bxd5 Ng3 35. Re7 Ngf5 36. Rd7 Kg8 37. Kf2 Kg7 38. Ne6+ Kg8 39. Nxf8 Kxf8 40. Bxb7 Nxb7 41. Rxb7 Nxh4 42. Ra7 f5 43. Rxa6 Kf7 44. b4 g5 45. g3 Ng6 46. Rxg6 Kxg6 47. b5 h4 48. b6 1-0

[Event "Solingen-ch 2023"]
[Site "Solingen"]
[Date "2023.09.15"]
[Round "2.18"]
[White "Shivkumar, Shreyas"]
[Black "Bock, Jürgen"]
[Result "0-1"]
[WhiteElo "1402"]
[BlackElo "1657"]
[PlyCount "64"]
[EventDate "2023.??.??"]
[WhiteTeam "SG Solingen"]
[BlackTeam "SC Düsseldorf Garath"]

1. e4 e6 2. d4 d5 3. e5 c5 4. c3 Nc6 5. Nf3 Qb6 6. Be2 cxd4 7. cxd4 Nge7 8. Nc3 Nf5 9. Na4 Bb4+ 10. Bd2 Qa5 11. O-O Bxd2 12. Nxd2 Nfxd4 13. Nc3 Nxe5 14. Re1 Nxe2+ 15. Qxe2 Ng6 16. Nb3 Qd8 17. Qb5+ Qd7 18. Nxd5 Qxb5 19. Nc7+ Ke7 20. Nxb5 Bd7 21. N5d4 Rac8 22. Rad1 Rhd8 23. Nf5+ Kf8 24. Nd6 Rc7 25. Nb5 Rc2 26. a4 a6 27. Nd6 Bxa4 28. Na5 Rxb2 29. Rd4 Bc6 30. h3 Ne7 31. Nac4 Rb4 32. Rf4 Rxd6 0-1

[Event "Solingen-ch 2023"]
[Site "Solingen"]
[Date "2023.09.15"]
[Round "2.19"]
[White "Bauer, Matthias"]
[Black "Dhanasekaran Meenambigai, Diya"]
[Result "1/2-1/2"]
[WhiteElo "1637"]
[BlackElo "1345"]
[PlyCount "40"]
[EventDate "2023.??.??"]
[WhiteTeam "SV Günnigfeld 1922"]
[BlackTeam "SG Solingen"]

1. d4 d5 2. e3 Nf6 3. f4 Bf5 4. Nf3 e6 5. Bd3 Bg6 6. O-O Bd6 7. c3 c6 8. Ne5 Bxd3 9. Qxd3 O-O 10. Nd2 Nbd7 11. Rf3 c5 12. Rh3 c4 13. Qe2 h5 14. Nf1 g6 15. Bd2 Kg7 16. Be1 Be7 17. Bh4 Nxe5 18. fxe5 Ng4 19. Bxe7 Qxe7 20. e4 Rad8 1/2-1/2

[Event "Solingen-ch 2023"]
[Site "Solingen"]
[Date "2023.09.15"]
[Round "2.20"]
[White "Kovalyova, Alina"]
[Black "Littek, Oliver"]
[Result "1/2-1/2"]
[WhiteElo "899"]
[BlackElo "1563"]
[PlyCount "47"]
[EventDate "2023.??.??"]
[WhiteTeam "SG Solingen"]
[BlackTeam "SG Solingen"]

1. e4 e5 2. Nf3 Nc6 3. Bc4 Nf6 4. d3 Bc5 5. Bg5 h6 6. Bh4 Be7 7. Bxf6 Bxf6 8. O-O d6 9. h3 O-O 10. Nc3 Ne7 11. Nd5 Ng6 12. Nxf6+ Qxf6 13. d4 exd4 14. Qxd4 Qe7 15. Rfe1 Be6 16. Bxe6 fxe6 17. e5 d5 18. Qg4 Qf7 19. Re2 Nf4 20. Rd2 Qg6 21. Qxg6 Nxg6 22. Re1 c5 23. c3 Rf4 24. Re3 1/2-1/2

[Event "Solingen-ch 2023"]
[Site "Solingen"]
[Date "2023.09.29"]
[Round "3.1"]
[White "Kniest, Oliver"]
[Black "Görke, Joachim"]
[Result "1-0"]
[WhiteElo "2242"]
[BlackElo "2097"]
[PlyCount "39"]
[EventDate "2023.??.??"]
[WhiteTeam "SG Solingen"]
[BlackTeam "SG Solingen"]

1. c4 e5 2. Nc3 Nc6 3. Nf3 f5 4. g3 e4 5. Nh4 d6 6. d3 Be7 7. Ng2 exd3 8. exd3 Nf6 9. Nf4 O-O 10. Bg2 Ne5 11. d4 Nf7 12. O-O c6 13. Re1 g5 14. Nd3 Ng4 15. h3 Nf6 16. b4 Re8 17. Qb3 Bd7 18. b5 Qb6 19. c5 dxc5 20. Ne5 1-0

[Event "Solingen-ch 2023"]
[Site "Solingen"]
[Date "2023.09.29"]
[Round "3.2"]
[White "Waagener, Ulrich"]
[Black "Kushchan, Eduard"]
[Result "1-0"]
[WhiteElo "2107"]
[BlackElo "2020"]
[PlyCount "59"]
[EventDate "2023.??.??"]
[WhiteTeam "SG Solingen"]
[BlackTeam "SG Solingen"]

1. d4 Nf6 2. Bg5 c5 3. Bxf6 gxf6 4. d5 Bg7 5. e3 d6 6. Nc3 Nd7 7. Nf3 a6 8. Bd3 Ne5 9. Nxe5 fxe5 10. O-O b5 11. Qh5 c4 12. Be4 Qd7 13. h3 Bf6 14. Ne2 Rb8 15. Ng3 e6 16. dxe6 Qxe6 17. Rad1 Bb7 18. Bxb7 Rxb7 19. e4 O-O 20. Nf5 Rd7 21. Rd5 Kh8 22. Rfd1 Rfd8 23. Qh6 Kg8 24. c3 Bh8 25. Qe3 Bf6 26. Qb6 Bg5 27. Qxa6 Kh8 28. Qxb5 Rg8 29. Rxd6 Rxd6 30. Rxd6 1-0

[Event "Solingen-ch 2023"]
[Site "Solingen"]
[Date "2023.09.29"]
[Round "3.3"]
[White "Boschek, Hans-Joachim"]
[Black "Bilenko, Yaroslav"]
[Result "0-1"]
[WhiteElo "1946"]
[BlackElo "2098"]
[PlyCount "62"]
[EventDate "2023.??.??"]
[WhiteTeam "SG Solingen"]
[BlackTeam "SF Gerresheim 86"]

1. d4 Nf6 2. c4 e6 3. Nc3 Bb4 4. e3 O-O 5. Bd3 c5 6. Nge2 cxd4 7. exd4 d5 8. O-O Nc6 9. Bg5 Be7 10. Rc1 Nb4 11. Bb1 dxc4 12. Bxf6 Bxf6 13. Ne4 Be7 14. Rc3 b6 15. Rh3 g6 16. f4 Bb7 17. Ng5 Bxg5 18. fxg5 Nd3 19. Bxd3 cxd3 20. Qxd3 Qxg5 21. Rg3 Qa5 22. h4 Ba6 23. Qe3 Bxe2 24. Qxe2 Qb4 25. Qe5 Rad8 26. Rf4 Rd5 27. Qf6 Qe1+ 28. Kh2 Qb1 29. Rg5 Qxa2 30. h5 Rxg5 31. Qxg5 Qd5 0-1

[Event "Solingen-ch 2023"]
[Site "Solingen"]
[Date "2023.09.29"]
[Round "3.4"]
[White "Fetahovic, Dzenan"]
[Black "Zolfagharian, Kevin"]
[Result "0-1"]
[WhiteElo "1828"]
[BlackElo "2211"]
[PlyCount "44"]
[EventDate "2023.??.??"]
[WhiteTeam "SG Solingen"]
[BlackTeam "SG Solingen"]

1. e4 c5 2. Nf3 Nc6 3. Bb5 g6 4. O-O Bg7 5. c3 Nf6 6. Qe2 O-O 7. d4 d5 8. e5 Ne4 9. Bxc6 bxc6 10. h3 Qb6 11. Qc2 Rb8 12. b4 cxb4 13. cxb4 Ba6 14. Re1 Qxb4 15. Ba3 Qa5 16. Bxe7 Rfe8 17. Bc5 Nxc5 18. dxc5 Bxe5 19. Rxe5 Rxe5 20. Nxe5 Qe1+ 21. Kh2 Qxe5+ 22. g3 Rb2 0-1

[Event "Solingen-ch 2023"]
[Site "Solingen"]
[Date "2023.09.29"]
[Round "3.5"]
[White "Walczewski, Christopher"]
[Black "Fichtner, Ewald"]
[Result "1-0"]
[WhiteElo "1796"]
[BlackElo "2088"]
[PlyCount "93"]
[EventDate "2023.??.??"]
[WhiteTeam "MTV Langenberg"]
[BlackTeam "SG Solingen"]

1. e4 c6 2. d4 d5 3. f3 dxe4 4. fxe4 e5 5. Nf3 Bg4 6. Bc4 Nd7 7. c3 Bd6 8. Qb3 Qe7 9. Qxb7 Rb8 10. Qxc6 Bxf3 11. gxf3 Ngf6 12. Nd2 O-O 13. Qa4 Nb6 14. Qd1 exd4 15. cxd4 Nfd5 16. Bxd5 Nxd5 17. Nc4 Bb4+ 18. Ke2 f5 19. e5 Qe6 20. Qd3 Rbc8 21. b3 Qg6 22. Kf2 Qh5 23. f4 Nc3 24. Qf3 Qh4+ 25. Kg2 Ne4 26. Be3 Rc6 27. Rhg1 Rh6 28. h3 Kh8 29. Kh2 Rd8 30. a3 Bc3 31. Rad1 Rb8 32. Nd2 Bxd2 33. Bxd2 Rc8 34. Be1 Qe7 35. Bb4 Rc2+ 36. Rg2 Rxg2+ 37. Qxg2 Qh4 38. Qf3 Rc6 39. Rg1 Rc2+ 40. Rg2 Rc1 41. d5 Qd8 42. d6 g6 43. Qe3 Rf1 44. e6 a5 45. e7 Qe8 46. Qd4+ Kg8 47. d7 1-0

[Event "Solingen-ch 2023"]
[Site "Solingen"]
[Date "2023.09.29"]
[Round "3.6"]
[White "Flesch, Stefan"]
[Black "Speck, Stefan"]
[Result "1/2-1/2"]
[WhiteElo "2031"]
[BlackElo "1866"]
[PlyCount "47"]
[EventDate "2023.??.??"]
[WhiteTeam "SG Solingen"]
[BlackTeam "SG Solingen"]

1. Nf3 Nf6 2. c4 e6 3. g3 b6 4. Bg2 Bb7 5. O-O d5 6. b3 dxc4 7. bxc4 c5 8. Bb2 Be7 9. d3 O-O 10. Nbd2 Nc6 11. Ne5 Qc7 12. Nxc6 Bxc6 13. Bxc6 Qxc6 14. a4 h6 15. a5 Nh7 16. Qa4 Qb7 17. Qb5 f5 18. axb6 axb6 19. Nf3 Ng5 20. Nxg5 hxg5 21. Rxa8 Rxa8 22. Ra1 Rxa1+ 23. Bxa1 Kf7 24. Be5 1/2-1/2

[Event "Solingen-ch 2023"]
[Site "Solingen"]
[Date "2023.09.29"]
[Round "3.7"]
[White "Mänken, Merlin"]
[Black "Gülcan, Batuhan Ege"]
[Result "1-0"]
[WhiteElo "1901"]
[BlackElo "1583"]
[PlyCount "39"]
[EventDate "2023.??.??"]
[WhiteTeam "Elberfelder SG"]
[BlackTeam "SG Solingen"]

1. Nf3 d5 2. d4 Nf6 3. c3 e6 4. Bf4 c5 5. e3 cxd4 6. exd4 Bd6 7. Ne5 Qc7 8. Nd2 Nfd7 9. Qh5 g6 10. Qe2 f6 11. Nxg6 Nb6 12. Bxd6 Qxd6 13. Nxh8 Qe7 14. Qh5+ Kf8 15. Bd3 Kg8 16. O-O Kxh8 17. Rfe1 N8d7 18. Rxe6 Qg7 19. Re8+ Nf8 20. Rxf8+ 1-0

[Event "Solingen-ch 2023"]
[Site "Solingen"]
[Date "2023.09.29"]
[Round "3.8"]
[White "Kovalyov, Dima"]
[Black "Steinbach, Wolfgang"]
[Result "1-0"]
[WhiteElo "1588"]
[BlackElo "1914"]
[PlyCount "71"]
[EventDate "2023.??.??"]
[WhiteTeam "SG Solingen"]
[BlackTeam "SG Solingen"]

1. d4 d5 2. Nf3 Nf6 3. c4 dxc4 4. g3 c5 5. Bg2 Nc6 6. O-O Nxd4 7. Ne5 e6 8. e3 Qc7 9. exd4 cxd4 10. Qxd4 Bc5 11. Qc3 Nd5 12. Bxd5 exd5 13. Be3 Be6 14. Bxc5 Qxc5 15. Nd3 Qb6 16. Nf4 d4 17. Qa3 O-O-O 18. Nxe6 Qxe6 19. Nd2 Kb8 20. Rac1 b5 21. Rfe1 Qb6 22. Re7 Rhe8 23. Rce1 Rf8 24. Qf3 a5 25. R1e5 a4 26. Qf5 g6 27. Rxb5 gxf5 28. Rxb6+ Ka8 29. Nxc4 Rfe8 30. Rxe8 Rxe8 31. Rd6 Re1+ 32. Kg2 Rd1 33. Rd7 Kb8 34. Nb6 Ra1 35. Nxa4 Rxa2 36. Rxd4 1-0

[Event "Solingen-ch 2023"]
[Site "Solingen"]
[Date "2023.09.29"]
[Round "3.9"]
[White "Linke, Marius"]
[Black "Vranidis, Athanassios"]
[Result "1/2-1/2"]
[WhiteElo "1753"]
[BlackElo "1894"]
[PlyCount "27"]
[EventDate "2023.??.??"]
[WhiteTeam "SG Solingen"]
[BlackTeam "SG Solingen"]

1. d4 d5 2. c4 e6 3. Nf3 Nf6 4. g3 Bb4+ 5. Bd2 Be7 6. Bg2 O-O 7. b3 Nbd7 8. Nc3 c6 9. O-O b6 10. Bf4 Nh5 11. Ne5 Bb7 12. e3 Nxf4 13. gxf4 Nxe5 14. fxe5 1/2-1/2

[Event "Solingen-ch 2023"]
[Site "Solingen"]
[Date "2023.09.22"]
[Round "3.10"]
[White "Shivkumar, Siddharth"]
[Black "Loriguillo Gonzalez, Gregorio"]
[Result "1/2-1/2"]
[WhiteElo "1729"]
[BlackElo "1847"]
[PlyCount "46"]
[EventDate "2023.??.??"]
[WhiteTeam "SG Solingen"]
[BlackTeam "SG Solingen"]

1. e4 c6 2. d4 d5 3. f3 Qb6 4. c3 dxe4 5. fxe4 e5 6. Nf3 Bg4 7. Nbd2 exd4 8. cxd4 Bb4 9. Bc4 Nh6 10. O-O Bxd2 11. Qxd2 Nd7 12. Qc3 Bxf3 13. Rxf3 Ne5 14. Rf1 O-O-O 15. Bxh6 gxh6 16. Rad1 Rd7 17. Rf2 Rhd8 18. Bd5 Kb8 19. Qg3 Ka8 20. Qxe5 cxd5 21. Rfd2 Qg6 22. Re1 dxe4 23. Qxe4 a6 1/2-1/2

[Event "Solingen-ch 2023"]
[Site "Solingen"]
[Date "2023.09.29"]
[Round "3.11"]
[White "Koshel, Stanislav"]
[Black "Scheidtmann, Kian"]
[Result "1-0"]
[WhiteElo "1789"]
[BlackElo "1691"]
[PlyCount "61"]
[EventDate "2023.??.??"]
[WhiteTeam "SG Solingen"]
[BlackTeam "SG Solingen"]

1. d4 Nf6 2. c4 e6 3. g3 Bb4+ 4. Bd2 Bxd2+ 5. Qxd2 O-O 6. Nf3 d5 7. Bg2 Nbd7 8. O-O Nb6 9. c5 Nc4 10. Qc2 b6 11. b3 Na5 12. Ne5 Nd7 13. Nf3 bxc5 14. dxc5 Nc6 15. Nbd2 e5 16. e4 Ba6 17. exd5 Nb4 18. Qe4 Rb8 19. Nc4 Nxc5 20. Qxe5 Bxc4 21. bxc4 Nbd3 22. Qd4 Qd6 23. Rad1 Nb2 24. Rd2 Nba4 25. Nh4 g6 26. Re1 Rb4 27. Nf3 Nb6 28. Bf1 c6 29. dxc6 Qxc6 30. Ne5 Qc7 31. Ng4 1-0

[Event "Solingen-ch 2023"]
[Site "Solingen"]
[Date "2023.09.29"]
[Round "3.12"]
[White "Bock, Jürgen"]
[Black "Helfer, Bernd"]
[Result "1-0"]
[WhiteElo "1657"]
[BlackElo "1776"]
[PlyCount "87"]
[EventDate "2023.??.??"]
[WhiteTeam "SC Düsseldorf Garath"]
[BlackTeam "SC Erkrath 1973"]

1. d4 Nf6 2. Nf3 e6 3. e3 b6 4. Bd3 Bb7 5. Nbd2 c5 6. O-O Nc6 7. c3 Be7 8. dxc5 bxc5 9. e4 Qc7 10. Qe2 d6 11. Nc4 d5 12. exd5 Nxd5 13. g3 O-O 14. Ng5 Bxg5 15. Bxg5 Nce7 16. Be4 Ng6 17. Rad1 Ba6 18. b3 Nxc3 19. Qc2 Nxe4 20. Qxe4 Bb7 21. Qc2 f6 22. Be3 Bd5 23. Nb2 Rfc8 24. f4 Qc6 25. h3 Rab8 26. Rc1 Rb5 27. Qf2 e5 28. Rc3 exf4 29. gxf4 Qa6 30. Nd3 c4 31. Rfc1 Be4 32. Rxc4 Rxc4 33. bxc4 Ra5 34. Nb4 Qe6 35. Kh2 Ra4 36. Qd2 Nh4 37. Qd8+ Kf7 38. Bc5 Nf3+ 39. Kg3 f5 40. Qf8+ Kg6 41. Rd1 Nd4 42. Rxd4 Ra3+ 43. Kh2 Rf3 44. Rd6 1-0

[Event "Solingen-ch 2023"]
[Site "Solingen"]
[Date "2023.09.29"]
[Round "3.14"]
[White "Bauer, Matthias"]
[Black "Schubert, Stefan"]
[Result "1-0"]
[WhiteElo "1637"]
[BlackElo "1527"]
[PlyCount "47"]
[EventDate "2023.??.??"]
[WhiteTeam "SV Günnigfeld 1922"]
[BlackTeam "SG Solingen"]

1. d4 d5 2. e3 Nf6 3. Nf3 e6 4. Bd3 Be7 5. Nbd2 b6 6. O-O c5 7. c3 Ba6 8. Bxa6 Nxa6 9. Qa4+ Qd7 10. Qxa6 c4 11. Ne5 Qc8 12. Qxc8+ Rxc8 13. a4 a5 14. f3 Nd7 15. Nxd7 Kxd7 16. e4 f6 17. exd5 exd5 18. Re1 h5 19. Nf1 Bd6 20. Bd2 g5 21. Re2 Rhe8 22. Rae1 Re7 23. Rxe7+ Bxe7 24. Ne3 1-0

[Event "Solingen-ch 2023"]
[Site "Solingen"]
[Date "2023.09.29"]
[Round "3.15"]
[White "Littek, Oliver"]
[Black "Micka, Matthias"]
[Result "0-1"]
[WhiteElo "1563"]
[BlackElo "1235"]
[PlyCount "76"]
[EventDate "2023.??.??"]
[WhiteTeam "SG Solingen"]
[BlackTeam "Ohligser TV 1888"]

1. e4 e6 2. d4 d5 3. exd5 exd5 4. Bd3 Nf6 5. h3 Bd6 6. Nf3 O-O 7. O-O Re8 8. Be3 Be6 9. Ng5 c6 10. Nxe6 Rxe6 11. Nd2 Ne4 12. Bxe4 dxe4 13. Qg4 Qe8 14. Rfe1 Nd7 15. Nf1 Rg6 16. Qf5 Qe6 17. Qxe6 Rxe6 18. Rad1 Nf6 19. Bg5 Rae8 20. Re2 h6 21. Bh4 b5 22. Rde1 Nd5 23. Bg3 f5 24. Bxd6 Rxd6 25. g3 Kf7 26. Ne3 Kf6 27. Nxd5+ Rxd5 28. c3 c5 29. f3 cxd4 30. fxe4 Rde5 31. cxd4 Rxe4 32. Rxe4 Rxe4 33. Rxe4 fxe4 34. Kf2 Ke6 35. Ke3 Kd5 36. b4 h5 37. a3 g5 38. g4 h4 0-1

[Event "Solingen-ch 2023"]
[Site "Solingen"]
[Date "2023.09.29"]
[Round "3.16"]
[White "Atar, Efecan"]
[Black "Kovalyova, Alina"]
[Result "1-0"]
[WhiteElo "1557"]
[BlackElo "899"]
[PlyCount "57"]
[EventDate "2023.??.??"]
[WhiteTeam "SG Solingen"]
[BlackTeam "SG Solingen"]

1. c4 e5 2. g3 d5 3. cxd5 Nf6 4. Bg2 Bc5 5. Nc3 O-O 6. Nf3 e4 7. Ng5 Nxd5 8. Ngxe4 Nxc3 9. Nxc3 Nc6 10. O-O Ne5 11. Qa4 Bd4 12. Nd5 c5 13. e3 Bd7 14. Qc2 Be6 15. exd4 Qd6 16. dxe5 Qxe5 17. Ne3 Rab8 18. d3 Rfd8 19. Nc4 Qd4 20. Bf4 Bxc4 21. Qxc4 Qxc4 22. dxc4 b6 23. Bxb8 Rxb8 24. Rad1 g6 25. Rd7 a6 26. Rfd1 Kg7 27. Ra7 a5 28. Rdd7 Rf8 29. Bd5 1-0

[Event "Solingen-ch 2023"]
[Site "Solingen"]
[Date "2023.09.29"]
[Round "3.17"]
[White "Fodor, Bernhard"]
[Black "Fetahovic, Sarah"]
[Result "0-1"]
[WhiteElo "1299"]
[BlackElo "1550"]
[PlyCount "50"]
[EventDate "2023.??.??"]
[WhiteTeam "SG Solingen"]
[BlackTeam "SG Solingen"]

1. f4 d5 2. Nf3 c5 3. g3 Nf6 4. d3 Nc6 5. Bg2 h6 6. O-O Bd7 7. a3 Qc8 8. h4 Bh3 9. Nh2 Qd7 10. Rf3 O-O-O 11. Qf1 Bxg2 12. Qxg2 Nd4 13. Rf2 Nxc2 14. Ra2 Nd4 15. Be3 Nb3 16. Nd2 Nxd2 17. Bxd2 e6 18. b4 c4 19. Rf1 Kb8 20. Bc3 d4 21. Ba1 c3 22. Rc2 Nd5 23. Ng4 f5 24. Ne5 Qa4 25. Rfc1 Ne3 0-1

[Event "Solingen-ch 2023"]
[Site "Solingen"]
[Date "2023.09.29"]
[Round "3.20"]
[White "Neumair, Dorian"]
[Black "Shivkumar, Shreyas"]
[Result "0-1"]
[WhiteElo "1521"]
[BlackElo "1402"]
[PlyCount "52"]
[EventDate "2023.??.??"]
[WhiteTeam "SC Erkrath 1973"]
[BlackTeam "SG Solingen"]

1. e4 c6 2. d4 d5 3. Nc3 dxe4 4. Nxe4 Nf6 5. Nxf6+ exf6 6. c3 Bd6 7. Bd3 O-O 8. Be3 Re8 9. Ne2 Qc7 10. h3 Nd7 11. O-O Nf8 12. Qd2 Bd7 13. Bf4 Rxe2 14. Qxe2 Bxf4 15. Rfe1 Ne6 16. Rad1 g6 17. Bb1 Qc8 18. Qf3 Qc7 19. h4 Bd6 20. Qxf6 a5 21. h5 gxh5 22. Qh6 Nf8 23. Qxh5 {(=)} Ng6 24. g3 Bxg3 25. fxg3 Qxg3+ 26. Kh1 Bg4 0-1

[Event "Solingen-ch 2023"]
[Site "Solingen"]
[Date "2023.09.29"]
[Round "3.21"]
[White "Wawi, Bilal Alexander"]
[Black "Pernizki, Max"]
[Result "0-1"]
[WhiteElo "1428"]
[BlackElo "1466"]
[PlyCount "88"]
[EventDate "2023.??.??"]
[WhiteTeam "SG Solingen"]
[BlackTeam "SG Solingen"]

1. e4 c6 2. d4 d5 3. f3 dxe4 4. fxe4 e5 5. Nf3 Bg4 6. Bc4 Nd7 7. O-O Ngf6 8. Bg5 Qb6 9. Nc3 Bd6 10. Na4 Qb4 11. Bb3 O-O 12. c3 Qa5 13. Bxf6 Nxf6 14. Qe1 Bxf3 15. Rxf3 b5 16. Nc5 Qc7 17. Qh4 exd4 18. cxd4 Bxc5 19. dxc5 Rae8 20. Bc2 Qe5 21. Rxf6 Qxf6 22. Qxf6 gxf6 23. b4 Re5 24. Rd1 Rfe8 25. Rf1 Kg7 26. g4 Rd8 27. Rf2 Rd4 28. a3 Re7 29. Kf1 Red7 30. Ke1 Rc4 31. h4 Rc3 32. a4 Rc4 33. axb5 cxb5 34. Rd2 Rxd2 35. Kxd2 Rxb4 36. Bd3 Kf8 37. Kc3 a5 38. g5 fxg5 39. hxg5 Ke7 40. e5 Ke6 41. c6 Ke7 42. c7 Kd7 43. e6+ fxe6 44. Bxh7 Kxc7 0-1

[Event "Solingen-ch 2023"]
[Site "Solingen"]
[Date "2023.10.10"]
[Round "4.1"]
[White "Bilenko, Yaroslav"]
[Black "Kniest, Oliver"]
[Result "1/2-1/2"]
[WhiteElo "2098"]
[BlackElo "2242"]
[PlyCount "63"]
[EventDate "2023.??.??"]
[WhiteTeam "SF Gerresheim 86"]
[BlackTeam "SG Solingen"]

1. e4 e5 2. Nf3 Nc6 3. d4 exd4 4. Nxd4 Nf6 5. Nxc6 bxc6 6. e5 Qe7 7. Qe2 Nd5 8. c4 Ba6 9. b3 g6 10. f4 g5 11. fxg5 O-O-O 12. Nd2 Qxg5 13. Nf3 Bb4+ 14. Bd2 Qg6 15. Bxb4 Nxb4 16. O-O-O c5 17. a3 Nc6 18. Qe3 d6 19. exd6 cxd6 20. Qg5 Bb7 21. Bd3 Qxg5+ 22. Nxg5 Ne5 23. Be4 Rhg8 24. Bxb7+ Kxb7 25. Ne4 Rxg2 26. Nxc5+ Kc6 27. Nd3 Nxd3+ 28. Rxd3 Ra2 29. Kb1 Rxa3 30. Rf1 Ra5 31. Rxf7 Rh5 32. h3 1/2-1/2

[Event "Solingen-ch 2023"]
[Site "Solingen"]
[Date "2023.10.13"]
[Round "4.2"]
[White "Zolfagharian, Kevin"]
[Black "Waagener, Ulrich"]
[Result "1/2-1/2"]
[WhiteElo "2211"]
[BlackElo "2107"]
[PlyCount "43"]
[EventDate "2023.??.??"]
[WhiteTeam "SG Solingen"]
[BlackTeam "SG Solingen"]

1. e4 c5 2. Nf3 e6 3. b3 a6 4. Bb2 Nc6 5. c4 Qc7 6. g3 Nf6 7. Qe2 Be7 8. e5 Ng4 9. h3 Nh6 10. Bg2 O-O 11. g4 Rb8 12. O-O d6 13. exd6 Bxd6 14. d4 cxd4 15. Nxd4 Nxd4 16. Bxd4 f5 17. gxf5 Nxf5 18. Bb2 Bd7 19. Nd2 Rbe8 20. Ne4 Be5 21. Bxe5 Qxe5 22. Ng3 1/2-1/2

[Event "Solingen-ch 2023"]
[Site "Solingen"]
[Date "2023.10.13"]
[Round "4.3"]
[White "Kovalyov, Dima"]
[Black "Walczewski, Christopher"]
[Result "1-0"]
[WhiteElo "1588"]
[BlackElo "1796"]
[PlyCount "39"]
[EventDate "2023.??.??"]
[WhiteTeam "SG Solingen"]
[BlackTeam "MTV Langenberg"]

1. Nf3 d5 2. d4 Nf6 3. c4 dxc4 4. Qa4+ Nbd7 5. Qxc4 e6 6. g3 c5 7. Na3 a6 8. Bg5 b5 9. Qc2 Bb7 10. Bg2 cxd4 11. O-O e5 12. Nxe5 Bxg2 13. Nxd7 Rc8 14. Nxf6+ gxf6 15. Qf5 fxg5 16. Rfc1 Rxc1+ 17. Rxc1 Bb7 18. Qe5+ Qe7 19. Qb8+ Qd8 20. Qxb7 1-0

[Event "Solingen-ch 2023"]
[Site "Solingen"]
[Date "2023.10.13"]
[Round "4.4"]
[White "Görke, Joachim"]
[Black "Mänken, Merlin"]
[Result "0-1"]
[WhiteElo "2097"]
[BlackElo "1901"]
[PlyCount "86"]
[EventDate "2023.??.??"]
[WhiteTeam "SG Solingen"]
[BlackTeam "Elberfelder SG"]

1. d4 d5 2. Nf3 e6 3. c4 a6 4. e3 Nf6 5. Nc3 Be7 6. b3 b6 7. Bb2 Bb7 8. cxd5 exd5 9. Bd3 O-O 10. Ng5 h6 11. h4 Nbd7 12. Qf3 c5 13. Ne2 c4 14. Bc2 Bb4+ 15. Kf1 cxb3 16. axb3 Qe7 17. Ng3 Rfe8 18. Nf5 Qf8 19. Qg3 Kh8 20. Ba3 Bxa3 21. Rxa3 Bc6 22. Qd6 Bb5+ 23. Ke1 Rac8 24. Ra2 Rc6 25. Qxf8+ Rxf8 26. Nf3 Rxc2 27. Rxc2 Bd3 28. Ra2 Bxf5 29. Rxa6 Rc8 30. Ra1 Rc3 31. Nd2 Ne4 32. Nxe4 Bxe4 33. f3 Bf5 34. g4 Be6 35. Kd2 Rxb3 36. Ra2 b5 37. Rc1 Nb6 38. Rc3 Rb1 39. Kc2 Rf1 40. Rb2 Nc4 41. Rxb5 Rf2+ 42. Kc1 Rxf3 43. g5 hxg5 0-1

[Event "Solingen-ch 2023"]
[Site "Solingen"]
[Date "2023.10.13"]
[Round "4.5"]
[White "Koshel, Stanislav"]
[Black "Flesch, Stefan"]
[Result "1-0"]
[WhiteElo "1789"]
[BlackElo "2031"]
[PlyCount "119"]
[EventDate "2023.??.??"]
[WhiteTeam "SG Solingen"]
[BlackTeam "SG Solingen"]

1. c4 Nf6 2. Nc3 d6 3. d4 Nbd7 4. Nf3 e5 5. g3 Be7 6. Bg2 O-O 7. O-O c6 8. e4 a6 9. a4 a5 10. h3 Qc7 11. Be3 Re8 12. Qc2 Bf8 13. Rfe1 g6 14. Rad1 Bg7 15. c5 dxc5 16. dxe5 Nxe5 17. Nxe5 Qxe5 18. f4 Qc7 19. Bxc5 Be6 20. Qf2 Nd7 21. Be3 f5 22. Qc2 Rac8 23. exf5 gxf5 24. Qf2 Ra8 25. Kh2 Nf6 26. Bb6 Qf7 27. Bf3 Nd7 28. Bd4 Bb3 29. Rd2 Rxe1 30. Qxe1 Re8 31. Qf2 Nf6 32. Be5 Nd7 33. Bxg7 Qxg7 34. Qa7 Nf6 35. Qxa5 Nd5 36. Nxd5 cxd5 37. Bxd5+ Bxd5 38. Qxd5+ Kh8 39. Qxf5 Qe7 40. h4 Qe1 41. Qd3 Re3 42. Qd8+ Re8 43. Qf6+ Kg8 44. Rg2 Qf1 45. h5 Re2 46. Qg5+ Kf8 47. Qd8+ Kf7 48. Qd5+ Kf8 49. Qf5+ Ke7 50. Qxh7+ Kf8 51. Qf5+ Ke7 52. Qc5+ Kd8 53. Qf8+ Kc7 54. Qf7+ Kb8 55. Rxe2 Qxe2+ 56. Kh3 Qf1+ 57. Kg4 Qd1+ 58. Kg5 Qd8+ 59. Qf6 Qg8+ 60. Kh4 1-0

[Event "Solingen-ch 2023"]
[Site "Solingen"]
[Date "2023.10.13"]
[Round "4.6"]
[White "Kushchan, Eduard"]
[Black "Bock, Jürgen"]
[Result "1-0"]
[WhiteElo "2020"]
[BlackElo "1657"]
[PlyCount "85"]
[EventDate "2023.??.??"]
[WhiteTeam "SG Solingen"]
[BlackTeam "SC Düsseldorf Garath"]

1. d4 d5 2. Nf3 Nf6 3. e3 e6 4. Bd3 c5 5. c3 Nc6 6. Nbd2 cxd4 7. exd4 Bd6 8. O-O O-O 9. Re1 Qc7 10. Qe2 Nd7 11. Nf1 h6 12. Ng3 Nf6 13. Ne5 Nd7 14. f4 Re8 15. Qh5 Nf8 16. Bd2 Re7 17. Nxc6 bxc6 18. f5 Bxg3 19. Bxh6 f6 20. hxg3 gxh6 21. Qxh6 Qxg3 22. Re3 Qg5 23. Qh3 Rh7 24. Qf3 Kf7 25. fxe6+ Bxe6 26. Bxh7 Nxh7 27. Rxe6 Kxe6 28. Qh3+ Kd6 29. Qxh7 Rg8 30. Qh2+ Qg3 31. Qxg3+ Rxg3 32. Rf1 Ke6 33. Re1+ Kf5 34. Re7 Rd3 35. Rxa7 Rd1+ 36. Kh2 Rb1 37. Rb7 Ke4 38. a4 Ra1 39. Rb6 Rxa4 40. Rxc6 f5 41. Re6+ Kd3 42. Re5 Kc4 43. Rxf5 1-0